000 01039 a2200241 4500
005 20260401115603.0
008 260401b |||||||| |||| 00| 0 eng d
020 _a8126311207 (pbk)
037 _cTB
040 _aCRL
_cCRL
041 _2hin
_ahin
084 _aO152,3N60,JI R0
_qCRL
100 _aसिंह, राकेश कुमार
_9860486
245 _aजो इतिहास में नहीं है
250 _aसंस्करण 3
260 _aनयी दिल्ली, भारत:
_bभारतीय ज्ञानपीठ,
_c2020.
300 _a488पृ.
490 _aलोकोदय ग्रंथमाला: ग्रंथांक 783
650 _aहिन्दी कहानी
650 _aहिन्दी साहित्य
942 _cTB
_2CC
_eसंस्करण 3
_hO152,3N60,JI R0
999 _c1466634
_d1466634